[Event "European-ch Seniors 2018"]
[Site "Drammen"]
[Date "2018.08.06"]
[Round "3"]
[White "Chireykina, Natalia"]
[Black "Burchardt, Brigitte"]
[Result "0-1"]
[WhiteElo "1922"]
[BlackElo "2189"]
[Annotator "NA"]
[PlyCount "82"]
[EventDate "2018.08.04"]
[EventType "swiss"]
[EventCountry "NOR"]
[SourceTitle "playchess.com"]
[Source "ChessBase"]
[SourceQuality "1"]
[TimeControl "40/5400+30:1800+30"]

1. e4 {[%emt 0:00:00]} c5 {[%emt 0:00:00]} 2. Nf3 {[%emt 0:00:00]} d6 {[%emt 0:00:00]} 3. d4 {[%emt 0:00:02]} cxd4 {[%emt 0:00:00]} 4. Nxd4 {[%emt 0:00:19]} Nf6 {[%emt 0:00:00]} 5. Nc3 {[%emt 0:00:35]} a6 {[%emt 0:00:00]} 6. Be2 {[%emt 0:00:50]} e5 {[%emt 0:00:03]} 7. Nb3 {[%emt 0:00:11]} Be7 {[%emt 0:00:06]} 8. Be3 {[%emt 0:01:14]} Be6 {[%emt 0:03:23]} 9. Nd5 {[%emt 0:02:02]} Nxd5 {[%emt 0:00:08]} 10. exd5 {[%emt 0:00:08]} Bf5 {[%emt 0:00:04]} 11. Qd2 {[%emt 0:00:59]} Nd7 {[%emt 0:01:31]} 12. O-O {[%emt 0:01:33]} O-O {[%emt 0:01:04]} 13. Na5 {[%emt 0:06:09]} Qc7 {[%emt 0:08:26]} 14. c4 {[%emt 0:00:56]} Nf6 {[%emt 0:12:15]} 15. b4 {[%emt 0:05:36]} Bd7 {[%emt 0:11:30]} 16. Rac1 {[%emt 0:12:13]} b6 {[%emt 0:13:42]} 17. Nb3 {[%emt 0:03:22]} Ba4 {[%emt 0:07:44]} 18. f3 {[%emt 0:07:39]} Rfc8 {[%emt 0:05:02]} 19. Qe1 {[%emt 0:00:11]} Qd8 {[%emt 0:01:16]} 20. Qf2 {[%emt 0:04:03]} b5 {[%emt 0:01:38]} 21. Na5 {[%emt 0:09:42]} bxc4 {[%emt 0:02:38]} 22. Bxc4 {[%emt 0:02:42]} Qd7 {[%emt 0:03:21]} 23. Qd2 {[%emt 0:09:26]} Bd8 {[%emt 0:00:42]} 24. Nc6 {[%emt 0:02:00]} Bxc6 {[%emt 0:02:29]} 25. dxc6 {[%emt 0:00:14]} Rxc6 {[%emt 0:02:49]} 26. Bxf7+ {[%emt 0:01:34]} Kxf7 {[%emt 0:00:24]} 27. Bg5 {[%emt 0:04:00]} Rac8 {[%emt 0:02:41]} 28. Rxc6 {[%emt 0:03:32]} Qxc6 {[%emt 0:02:07]} 29. Bxf6 {[%emt 0:02:00]} Bxf6 {[%emt 0:01:45]} 30. Rd1 {[%emt 0:04:36]} Be7 {[%emt 0:07:16]} 31. Qd3 {[%emt 0:00:46]} g6 {[%emt 0:00:52]} 32. f4 {[%emt 0:04:21]} exf4 {[%emt 0:01:40]} 33. Qh3 {[%emt 0:01:21]} h5 {[%emt 0:02:08]} 34. Re1 {[%emt 0:00:53]} Bf6 {[%emt 0:01:12]} 35. Qe6+ {[%emt 0:00:35]} Kg7 {[%emt 0:00:05]} 36. Rd1 {[%emt 0:01:06]} Qb6+ {[%emt 0:02:21]} 37. Kh1 {[%emt 0:02:42]} Rd8 {[%emt 0:01:06]} 38. a3 {[%emt 0:00:41]} Qe3 {[%emt 0:00:22]} 39. Qd5 {[%emt 0:00:00]} Qxa3 {[%emt 0:00:00]} 40. Qb7+ {[%emt 0:00:00]} Kh6 {[%emt 0:00:00]} 41. Qe4 {[%emt 0:03:01]} Qe3 {[%emt 0:01:15]} 0-1